Представление документа в формате RUSMARC

ПолеНазваниеЗначение
  Тип записи a
  Библиографический уровень c
001 Контрольный номер RU/IS/BASE/295618184
005 Дата корректировки 20251003164100.7
010 Индекс ISBN __
d Цена 200-00; 100-00
101 Язык документа 1_
a Язык текста rus
a Язык текста ost
a Язык текста yur
a Язык текста eng
a Язык текста ger
200 Заглавие и сведения об ответственности 1_
a Заглавие Загадка моя!
f Первые сведения об ответственности [сост. кн. и пер. на рус. яз.: Юрий Вэлла ; пер. на англ. и нем. раб. группа "Зап. Сибирь": Каролина Гроссэ и Штэфан Дудек ; ил. Натальи Волик-Цыбиной]
b Общее обозначение материала Текст
210 Выходные данные 1_
a Место издания Сургут
c Издательство [б. и.]
d Дата издания 2008
215 Физическое описание __
a Объем [88] с.
c Иллюстрации/тип воспроизводства ил.
300 Общие примечания __
a Общие примечания Текст. на рус., ненец., нем. и англ. яз.
a Общие примечания Изд. в футл.
a Общие примечания Дар Ю. К. Вэллы (3 экз.)
a Общие примечания Дар О. Г. Корниенко
a Общие примечания Обязат. экз.
300 Общие примечания __
a Общие примечания На футляре рисунок и автограф автора: "Подпись. 03.04.2009. для Ц. Б. г. Сургут"
606 Тематические рубрики __
a Основная рубрика Фольклор
606 Тематические рубрики __
a Основная рубрика Фольклор России
y Географическая подрубрика Россия; Тюменская область; Ханты-Мансийский автономный округ - Югра; ХМАО-Югра
610 Ключевые слова 0_
a Ключевые слова краеведение; загадки; народные загадки; окружающий мир; тема природы; тема человека; хантыйский фольклор; хантыйские загадки
686 Индексы других классификаций __
a Классификационный индекс К82.3(2Рос=Хат)-6; стК84.2(2Рос=Хат)
702 Вторичная интеллектуальная ответственность _1
a Фамилия Гроссэ
b Имя К.
4 Код отношения Переводчик
702 Вторичная интеллектуальная ответственность _1
a Фамилия Дудек
b Имя Ш.
4 Код отношения Переводчик
702 Вторичная интеллектуальная ответственность _1
a Фамилия Волик-Цыбина
b Имя Н.
4 Код отношения Иллюстратор
702 Вторичная интеллектуальная ответственность _1
a Фамилия Корниенко
b Имя О. Г.
4 Код отношения Даритель
801 Источник записи _0
a Страна RU
b Организация Муниципальное бюджетное учреждение культуры "Централизованная библиотечная система" г. Сургут (Центральная городская библиотека им. А. С. Пушкина)
g Правила каталогизации КиК/Поспелова
801 Источник записи _1
a Страна RU
b Организация Муниципальное бюджетное учреждение культуры "Централизованная библиотечная система" г. Сургут (Центральная городская библиотека им. А. С. Пушкина)
g Правила каталогизации КиК/Поспелова
852 Данные о местонахождении __
j Шифр хранения К82.3(2Рос=Хат)-6
c Каталожный индекс К82.3(2Рос=Хат)-6
i Авторский знак З-14
901 Тип документа __
t Тип документа x
903 Характеристики (МАРС) __
a Дата передачи 20101028; 20100402; 20090625
969 Тип издания __
a Тип издания сборник
990 Данные о заказе (DOS) __
j Количество экземпляров (DOS) 20; 1; 2
t N записи в КСУ для И/У (DOS) 201011; 201004; 200906